[Event "New York Summer IM-C"]
[Site "New York"]
[Date "2022.07.08"]
[Round "2"]
[White "Bortnyk, Mykola"]
[Black "Le, Nguyen Khoi Nguyen"]
[Result "1-0"]
[WhiteElo "2463"]
[BlackElo "2001"]
[PlyCount "55"]
[EventDate "2022.07.07"]
[EventType "tourn"]
[EventRounds "9"]
[EventCountry "USA"]
[SourceTitle "CBM 209 Extra"]
[Source "ChessBase"]
[SourceDate "2022.09.30"]
[SourceVersion "1"]
[SourceVersionDate "2022.09.30"]
[SourceQuality "1"]

1. d4 Nf6 2. Nf3 e6 3. c4 d5 4. Nc3 Be7 5. Bf4 c6 6. e3 0-0 7. Qc2 Nbd7 8. cxd5 exd5 9. Bd3 Re8 10. 0-0 Nf8 11. Rab1 Ng6 12. Bg3 Bd6 13. b4 Bxg3 14. hxg3 Qd6 15. b5 Bd7 16. Rfc1 Rec8 17. bxc6 Bxc6 18. Bf5 Bd7 19. Bxg6 hxg6 20. Rxb7 Bf5 21. Qb2 Rab8 22. Ne2 Rxc1+ 23. Nxc1 Rc8 24. Ne5 Ng4 25. Ncd3 f6 26. Nxg4 Bxd3 27. Rxa7 Qc6 28. Qb4 1-0

[Event "Pan American Intercollegiate-chT"]
[Site "Dulles"]
[Date "2022.01.07"]
[Round "2.2"]
[White "Le, Nguyen Khoi Nguyen"]
[Black "Gledura, Benjamin"]
[Result "0-1"]
[WhiteElo "2009"]
[BlackElo "2652"]
[PlyCount "77"]
[EventDate "2022.01.06"]
[EventType "team-swiss"]
[EventRounds "6"]
[EventCountry "USA"]
[SourceTitle "EXT 2023"]
[Source "ChessBase"]
[SourceDate "2022.10.05"]
[SourceVersion "1"]
[SourceVersionDate "2022.10.05"]
[SourceQuality "1"]
[WhiteTeam "Massachusetts IT Beavers"]
[BlackTeam "Webster Univ"]
[WhiteTeamCountry "USA"]
[BlackTeamCountry "USA"]

1. e4 c5 2. Nf3 e6 3. d4 cxd4 4. Nxd4 Nc6 5. Nc3 Qc7 6. Be3 a6 7. f4 b5 8. Be2 Bb7 9. Nb3 d6 10. Bf3 Nf6 11. 0-0 Be7 12. a4 b4 13. Ne2 0-0 14. a5 Nd7 15. c3 bxc3 16. Nxc3 Nc5 17. Nd4 Nxa5 18. b4 Nc4 19. Bf2 Nd7 20. Rc1 Rfc8 21. Qe2 Qd8 22. Rfd1 Rc7 23. e5 Bxf3 24. Qxf3 d5 25. b5 axb5 26. Ndxb5 Rcc8 27. Na7 Rc5 28. Nab5 g5 29. Bxc5 Bxc5+ 30. Kh1 gxf4 31. Nxd5 exd5 32. Qxd5 Ncb6 33. Qe4 Ra4 34. Qf5 Qe7 35. Rc3 Be3 36. Nd6 Nxe5 37. Ne4 Kg7 38. Ng5 Ng6 39. Ne4 0-1

[Event "Ivy League Challenge 2nd"]
[Site "Toronto"]
[Date "2019.11.08"]
[Round "2.1"]
[White "Le, Nguyen Khoi Nguyen"]
[Black "Papanek, Ella Sharpe"]
[Result "1-0"]
[WhiteElo "1999"]
[BlackElo "1789"]
[PlyCount "79"]
[EventDate "2019.11.08"]
[EventType "team-tourn"]
[EventRounds "5"]
[EventCountry "CAN"]
[SourceTitle "CBM 193 Extra"]
[Source "ChessBase"]
[SourceDate "2020.01.31"]
[SourceVersion "1"]
[SourceVersionDate "2020.01.31"]
[SourceQuality "1"]
[WhiteTeam "Massachusetts IT"]
[BlackTeam "Harvard Univ"]
[WhiteTeamCountry "USA"]
[BlackTeamCountry "USA"]

1. e4 c5 2. Nf3 e6 3. d4 cxd4 4. Nxd4 a6 5. c4 Qc7 6. Nc3 Bb4 7. Qd3 Nc6 8. Nxc6 bxc6 9. a3 Be7 10. Be2 Nf6 11. 0-0 Bb7 12. f4 d5 13. e5 Nd7 14. Be3 Rd8 15. b4 dxc4 16. Qxc4 c5 17. Na4 Bd5 18. Qc2 Qb7 19. Nxc5 Nxc5 20. Bxc5 Bxc5+ 21. Qxc5 Bxg2 22. Rf2 Bd5 23. Rc1 h5 24. b5 Rh6 25. bxa6 Rg6+ 26. Kf1 Bg2+ 27. Ke1 Qe4 28. a7 Bh1 29. Qb5+ Kf8 30. Qb4+ Kg8 31. Qxe4 Bxe4 32. Bxh5 Rg1+ 33. Rf1 Rg2 34. Bf3 Bxf3 35. Rxf3 Rxh2 36. Rb1 Kh7 37. Rb8 Rdd2 38. a8Q Rhe2+ 39. Kf1 Rh2 40. Rh8+ 1-0

[Event "VIE-chT"]
[Site "Ho Chi Minh City"]
[Date "2017.07.29"]
[Round "9.16"]
[White "Luong, Phuong Hanh"]
[Black "Le, Nguyen Khoi Nguyen"]
[Result "1-0"]
[WhiteElo "2133"]
[BlackElo "1856"]
[PlyCount "53"]
[EventDate "2017.07.24"]
[EventType "team-swiss"]
[EventRounds "9"]
[EventCountry "VIE"]
[SourceTitle "EXT 2019"]
[Source "ChessBase"]
[SourceDate "2018.10.10"]
[SourceVersion "1"]
[SourceVersionDate "2018.10.10"]
[SourceQuality "1"]

1. d4 Nf6 2. Nf3 d5 3. e3 e6 4. c4 dxc4 5. Bxc4 c5 6. 0-0 a6 7. Qe2 Nc6 8. Rd1 Qc7 9. Nc3 b5 10. Bd3 Bd6 11. Ne4 Nxe4 12. Bxe4 Bb7 13. b3 f5 14. Bb1 0-0 15. dxc5 Bxc5 16. Bb2 Rad8 17. Rc1 Bd6 18. a4 b4 19. Bd3 Qa5 20. Bc4 Rde8 21. Ng5 Ne5 22. Bxe6+ Rxe6 23. Nxe6 Bxg2 24. Nxf8 Bf3 25. Qd2 Qd8 26. Bxe5 Qh4 27. Rc8 1-0

[Event "Asia-ch U12"]
[Site "Hikkaduwa"]
[Date "2012.06.27"]
[Round "3.5"]
[White "Le, Nguyen Khoi Nguyen"]
[Black "Wong, Yee Chit"]
[Result "1/2-1/2"]
[WhiteElo "1787"]
[BlackElo "1835"]
[PlyCount "120"]
[EventDate "2012.06.26"]
[EventType "swiss"]
[EventRounds "9"]
[EventCountry "SRI"]
[SourceTitle "EXT 2024"]
[Source "ChessBase"]
[SourceDate "2023.10.10"]
[SourceVersion "1"]
[SourceVersionDate "2023.10.10"]
[SourceQuality "1"]

1. e4 c5 2. Nf3 Nc6 3. d4 cxd4 4. Nxd4 g6 5. Be3 Bg7 6. Nc3 Nf6 7. Nxc6 bxc6 8. e5 Nd5 9. Nxd5 cxd5 10. Qxd5 Rb8 11. Bc4 0-0 12. f4 d6 13. 0-0-0 Qc7 14. Bb3 dxe5 15. Qc5 Rb7 16. fxe5 Qxe5 17. Bd4 Qxc5 18. Bxc5 Bf5 19. Be3 Rc8 20. Rd2 a5 21. Rhd1 Rbb8 22. Bf4 e5 23. Bg5 h6 24. Rd8+ Kh7 25. Rxc8 Rxc8 26. Bd8 Rc5 27. Rd5 Bf8 28. Rxc5 Bxc5 29. Bxf7 a4 30. a3 e4 31. Bc4 e3 32. Be2 Kg7 33. Ba5 Be7 34. Bc3+ Kh7 35. Be1 h5 36. c4 Be4 37. g3 Kg7 38. Bc3+ Kf7 39. Bd4 Bg5 40. h4 Bh6 41. Kd1 Ke6 42. g4 hxg4 43. Bxg4+ Kd6 44. Ke2 Bc2 45. Bxe3 Bd1+ 46. Kxd1 Bxe3 47. Kc2 Kc5 48. h5 gxh5 49. Bxh5 Kxc4 50. Be8 Bc5 51. Bxa4 Be7 52. Bb3+ Kb5 53. Be6 Bd6 54. Bd7+ Ka5 55. Be8 Be7 56. Kd3 Kb6 57. Kc4 Bg5 58. b4 Bh4 59. a4 Bd8 60. Bb5 Be7 1/2-1/2